| 000 | 00371nam a2200157Ia 4500 | ||
|---|---|---|---|
| 008 | 151213s9999 xx 000 0 und d | ||
| 100 | _aC. P . Snow | ||
| 245 |
_aThe Affair _cC. P . Snow |
||
| 250 | _a1st | ||
| 260 |
_aLondon _bPenguing Boods _c1960 |
||
| 300 | _a4557 p. | ||
| 650 | _aEnglish | ||
| 650 | _aEnglish Literature | ||
| 700 | _aC. P . Snow | ||
| 999 |
_c2931 _d2931 |
||